000
00230nam a2200097Ia 4500
001
714636
005
20250826162909.0
008
250824s9999 xx 000 0 und d
245
0
_a
KÖPRÜ
_c
AYŞE KULİN
260
_b
EVEREST YAYINLARI
999
_c
714636
_d
714636